धान / (Record no. 116238)

MARC details
000 -LEADER
fixed length control field 01244nam a22003017a 4500
003 - CONTROL NUMBER IDENTIFIER
control field dpl
005 - DATE AND TIME OF LATEST TRANSACTION
control field 20180717140223.0
008 - FIXED-LENGTH DATA ELEMENTS--GENERAL INFORMATION
fixed length control field 180717b xxu||||| |||| 00| 0 eng d
010 ## - LIBRARY OF CONGRESS CONTROL NUMBER
LC control number B-005238
020 ## - INTERNATIONAL STANDARD BOOK NUMBER
Terms of availability 75.00
International Standard Book Number 8123727003
035 ## - SYSTEM CONTROL NUMBER
System control number B-005238, B-005247
037 ## - SOURCE OF ACQUISITION
Source of stock number/acquisition Cen Lib/Ret
040 ## - CATALOGING SOURCE
Original cataloging agency DPL
Language of cataloging HN
Transcribing agency 0
082 ## - DEWEY DECIMAL CLASSIFICATION NUMBER
Classification number
Item number वत्सला
100 ## - MAIN ENTRY--PERSONAL NAME
Personal name वत्सला, पी.
9 (RLIN) 75506
245 ## - TITLE STATEMENT
Title धान /
Statement of responsibility, etc पी.वत्सला ;अनुवाद राकेश कालिया
246 ## - VARYING FORM OF TITLE
Title proper/short title Dhaan /
Remainder of title by P. Vatsala ; anuvada Rakesh Kaliya
260 ## - PUBLICATION, DISTRIBUTION, ETC. (IMPRINT)
Place of publication, distribution, etc नयी दिल्ली
Name of publisher, distributor, etc नेशनल बुक ट्रस्ट
Date of publication, distribution, etc 1999
270 ## - ADDRESS
City नयी दिल्ली
Address ए-ग्रीन पार्क
Postal code 110016
300 ## - PHYSICAL DESCRIPTION
Extent xii,373पृ.
Dimensions 19सेमी (सजिल्द)
490 ## - SERIES STATEMENT
Series statement अंतर्भारतीय पुस्तकमाला
650 ## - SUBJECT ADDED ENTRY--TOPICAL TERM
Topical term or geographic name as entry element साहित्य--उपन्यास
9 (RLIN) 75507
650 ## - SUBJECT ADDED ENTRY--TOPICAL TERM
Topical term or geographic name as entry element मलयालम उपन्यास
9 (RLIN) 75508
650 ## - SUBJECT ADDED ENTRY--TOPICAL TERM
Topical term or geographic name as entry element Literature--Fiction
9 (RLIN) 75509
650 ## - SUBJECT ADDED ENTRY--TOPICAL TERM
Topical term or geographic name as entry element Malyalam novel
9 (RLIN) 75510
700 ## - ADDED ENTRY--PERSONAL NAME
Personal name कालिया, राकेश
9 (RLIN) 75511
942 ## - ADDED ENTRY ELEMENTS (KOHA)
Source of classification or shelving scheme Dewey Decimal Classification
Koha item type Hindi Books
Classification part
Call number suffix वत्सला
Holdings
Withdrawn status Lost status Damaged status Not for loan Home library Current library Date acquired Source of acquisition Cost, normal purchase price Total Checkouts Full call number Barcode Date last seen Copy number Cost, replacement price Price effective from Koha item type Public note Source of classification or shelving scheme Collection code
Written off       Central Library Central Library 22/08/2015 Cen Lib/Ref 75.00   उ वत्सला B-005238 22/08/2015 1 75.00 22/08/2015 Hindi Books Written off on approval by DLB (By Circulation); dtd 15-06-2023    
Written off       Central Library Central Library 27/08/2015 Cen Lib/Ret 75.00   उ वत्सला B-027117 27/08/2015 1 75.00 27/08/2015 Hindi Books Written off on approval by DLB (By Circulation); dtd 15-06-2023    
        Shahdara Branch Shahdara Branch 17/07/2018 BPPD/PUB 75.00   उ वत्सला B-005247 17/07/2018   75.00 17/07/2018 Hindi Books   Dewey Decimal Classification Fiction

© Delhi Public Library
Hit Counter
free hit counter